Estatísticas para Os 15 principais países afetados pela Covid-19 - 27 de outubro 2021

Clique aqui para jogar o quiz

Estatísticas Gerais

  • Esse quiz foi jogado 4 vezes
  • A pontuação média é 18 de 27

Estatísticas das Respostas

país% Correto
Alemanha
100%
Brasil
100%
Colômbia
100%
Espanha
100%
Estados Unidos
100%
França
100%
Índia
100%
Indonésia
100%
México
100%
Reino Unido
100%
Rússia
100%
Argentina
75%
Irão
75%
Israel
75%
Itália
75%
Sérvia
75%
Bélgica
50%
Chéquia
50%
Países Baixos
50%
Eslovénia
25%
Geórgia
25%
Suécia
25%
Turquia
25%
Uruguai
25%
Bahrein
0%
Estônia
0%
Lituânia
0%

Distribuição das Pontuações

Percentil de Números Respondidos

Porcentagem de Pessoas com Cada Pontuação

Sua Pontuação Histórica

Você não jogou esse quiz